| 000 | 00649nam a22001697a 4500 | ||
|---|---|---|---|
| 082 |
_a891.4392092 _bKHU |
||
| 245 |
_aAmir Khusro: Halaate Zindagi aur Urdu Shaeri/ _cauthored or compiled by Muhammad Asim Butt, |
||
| 260 |
_aLahore: _bAl‑Hamd Publications, _c2020. |
||
| 300 | _a182p. | ||
| 563 | _aHB | ||
| 650 |
_aSufism in literature _9129769 |
||
| 650 |
_aUrdu poetry _9751 |
||
| 880 |
_6100-01\(3\r _aامیر خسرو :حالاتِ زندگی اور اردو شاعری |
||
| 880 |
_6100-02\(3\r _aترتیب و تدوین محمد اسیم بٹ |
||
| 880 |
_6100-03\(3\r _aلاہور: _bالحمد پبلکیشنز _c2020. |
||
| 942 |
_2ddc _cBK |
||
| 999 |
_c614312 _d614312 |
||